Statistics for Biggest Trading Partners - Hungary

Click here to take the quiz!

General Stats

  • This quiz has been taken 30 times
  • The average score is 17 of 20

Answer Stats

Export (By Percent)Country% Correct
1. 25.2%Germany
100%
1. 21.1%Germany
100%
10. 3.5%United States
96%
7. 4.2%France
92%
8. 4.1%Italy
92%
2. 5.7%Italy
92%
3. 5.3%Romania
92%
10. 3.2%Romania
92%
5. 4.5%Austria
88%
2. 7.3%Austria
88%
3. 6.7%China
88%
6. 4.3%Poland
85%
5. 5.6%Poland
85%
4. 5.1%Slovakia
85%
4. 6.7%Slovakia
85%
8. 4.2%Czech Republic
81%
7. 4.7%Czech Republic
81%
9. 3.6%Netherlands
73%
6. 4.9%Netherlands
73%
9. 3.8%South Korea
50%

Score Distribution

Percentile by Number Answered

Percent of People with Each Score

Your Score History

You have not taken this quiz